| 000 | 00878nac a22002657a 4500 | ||
|---|---|---|---|
| 001 | BR7803702 | ||
| 003 | BR-BrBNA | ||
| 005 | 20240105114238.0 | ||
| 008 | 230509b bl.|||m| |||| 00| 0 por d | ||
| 040 |
_aBR-BrBNA _bpor _cBiblioteca Nacional de Agricultura |
||
| 072 | _aF70 | ||
| 090 | _aF70 BR7803702 | ||
| 100 | 1 | _aAllem, A.C. | |
| 110 | 1 |
_aMuseu Botanico Municipal, Curitiba, PR (Brasil) _97640 |
|
| 245 | 1 | _aPreliminares para uma aburdagem taxonomica do genero Croton L. (Euphorbiaceae)no Rio Grande do Sul, Brasil | |
| 260 | 3 |
_aCuritiba, PR (Brasil): _cDec 1978. |
|
| 300 | _a33 p. | ||
| 490 |
_aBoletim do Museu Botanico Municipal (Brazil) _vno. 34 _x |
||
| 500 | _a24 ref., Summaries (En, Pt) | ||
| 650 | _aTaxonomia vegetal | ||
| 650 | _aCroton | ||
| 650 | _aRio Grande do Sul | ||
| 909 |
_a202312 _bLúcia Elande _c55 _dLúcia Elande |
||
| 942 |
_2AGRIS _n0 _cMS |
||
| 999 |
_c268238 _d268238 |
||